000
00246nam a2200097Ia 4500
001
1206048
005
20251009124936.0
008
250824s9999 xx 000 0 und d
245
0
_a
İSTANBUL HATIRASI
_c
AHMET ÜMİT
260
_b
EVEREST YAYINLARI
999
_c
1206048
_d
1206048